000 02735nam0a22004091 4500
001 rc\300431
005 20250621025642.0
010 _a5-265-00522-6
_9100000
035 _a(NLR Aleph) 005536339
090 _a5663221
_c5663221
100 _a20030307d1989 |||y0rusy50 ca
101 0 _arus
102 _aRU
105 _ay |||||||||
200 1 _aАнгел Варенька
_eПовести, рассказы, очерк
_fЛеонид Бежин
210 _aМ.
_cСов. писатель
_d1989
215 _a428, [2] с.
_d21
327 1 _aСодерж.: Повести: Ремонт университета; Ангел Варенька; Рассказы: Учу играть на скрипке; Из альбома Федотовых; Странности души; Если ты обманешь Джагу...: (Из семейн. хроники Колдуновых и Костылиных); Река без воды; Фубра: (Из цикла "Правила жизни"); Ренессанс Серовых; Водопад; Подселенец, или Вторая жизнь Льва Толстого: (Из цикла "Странные истории"); Аллегория весны: (Из цикла "Странные истории"); Хранитель открытого дома: Очерк
464 0 _12001#$aРемонт университета
_tРемонт университета
464 0 _12001#$aАнгел Варенька
_tАнгел Варенька
464 0 _12001#$aУчу играть на скрипке
_tУчу играть на скрипке
464 0 _12001#$aИз альбома Федотовых
_tИз альбома Федотовых
464 0 _12001#$aСтранности души
_tСтранности души
464 0 _12001#$aЕсли ты обманешь Джагу...
_tЕсли ты обманешь Джагу...
464 0 _12001#$aРека без воды
_tРека без воды
464 0 _12001#$aФубра
_tФубра
464 0 _12001#$aРенессанс Серовых
_tРенессанс Серовых
464 0 _12001#$aВодопад
_tВодопад
464 0 _12001#$aПодселенец, или Вторая жизнь Льва Толстого
_tПодселенец, или Вторая жизнь Льва Толстого
464 0 _12001#$aАллегория весны
_tАллегория весны
464 0 _12001#$aХранитель открытого дома
_tХранитель открытого дома
700 1 _aБежин
_bЛ.Е.
_gЛеонид Евгеньевич
801 0 _aRU
_bNLR
_gpsbo
801 1 _aRU
_bELAR
_2rusmarc
852 _aNLR
_j89-3/5808
942 _cBOOK
980 _aNB